| Tag |
First Indicator |
Second Indicator |
Subfields |
| LEADER |
00000nem a2200000 i 4500 |
| 001 |
in00004792621 |
| 008 |
240902s1945 xxu a 0 eng d |
| 007 |
aj canzn |
| 005 |
20240902170843.9 |
| 035 |
|
|
|a (OCoLC)on1453901328
|
| 040 |
|
|
|a TXA
|b eng
|e rda
|c TXA
|
| 034 |
0 |
|
|a a
|d E0060954
|e E0061234
|f N0484213
|g N0484040
|2 bound
|
| 035 |
|
|
|a (OCoLC)1453901328
|
| 043 |
|
|
|a n-us---
|a e-fr---
|
| 050 |
|
4 |
|a G5834.N2S7 1945
|b .S37
|
| 052 |
|
|
|a 5834
|b N2
|
| 100 |
1 |
|
|a Sarkisian, Leo,
|d 1921-
|e cartographer.
|
| 245 |
1 |
0 |
|a VI Corps rest center, Nancy, France /
|c Leo Sarkisian.
|
| 246 |
3 |
|
|a 6th Corps rest center, Nancy, France
|
| 246 |
1 |
|
|i Panel title:
|a VI Corps rest center at Nancy, France :
|b how to get around!
|
| 255 |
|
|
|a Scale not given
|c (E 6°09ʹ54ʺ--E 6°12ʹ34ʺ/N 48°42ʹ13ʺ--N 48°40ʹ40ʺ)
|
| 264 |
|
1 |
|a [Place of publication not identified] :
|b [publisher not identified],
|c 1945.
|
| 264 |
|
3 |
|a [United States] :
|b Reproduced by the 661 Engr Topo. Co.
|
| 300 |
|
|
|a 1 map :
|b color ;
|c on sheet 51 x 57 cm, folded to 26 x 14 cm
|
| 336 |
|
|
|a cartographic image
|b cri
|2 rdacontent
|
| 337 |
|
|
|a unmediated
|b n
|2 rdamedia
|
| 338 |
|
|
|a sheet
|b nb
|2 rdacarrier
|
| 500 |
|
|
|a Includes humorous illustrations.
|
| 500 |
|
|
|a Text on verso: list of "Entertainment and special services" both at the center and in Nancy.
|
| 610 |
1 |
0 |
|a United States.
|b Army.
|b Corps, 6th
|x History
|v Maps.
|
| 650 |
|
0 |
|a World War, 1939-1945
|x Regimental histories
|z United States
|v Maps.
|
| 650 |
|
0 |
|a World War, 1939-1945
|x Campaigns
|z France
|z Nancy
|v Maps.
|
| 610 |
1 |
0 |
|a United States.
|b Army
|x Military life
|v Maps.
|
| 650 |
|
0 |
|a Canteens (Establishments)
|z France
|z Nancy
|v Maps.
|
| 650 |
|
0 |
|a Soldiers
|x Recreation
|z France
|z Nancy
|v Maps.
|
| 651 |
|
0 |
|a Nancy (France)
|v Maps.
|
| 655 |
|
7 |
|a Thematic maps.
|2 lcgft
|
| 655 |
|
7 |
|a Pictorial maps.
|2 lcgft
|
| 710 |
1 |
|
|a United States.
|b Army.
|b Corps of Engineers.
|b Engineer Co., 661st,
|e printer.
|
| 994 |
|
|
|a Z0
|b TXA
|
| 948 |
|
|
|h HELD BY TXA - 0 OTHER HOLDINGS
|
| 999 |
f |
f |
|s 9302ff56-c700-46bf-8acc-f9e557319ed7
|i 0d55a2fe-ae14-46b0-8d5b-f9722dcbd602
|t 0
|
| 952 |
f |
f |
|p noncirc
|a Texas A&M University
|b College Station
|c Cushing Memorial Library & Archives
|d Cushing: Ragan Military (Does not check out)
|t 0
|e G5834.N2S7 1945 .S37
|f Flat File
|h Library of Congress classification
|i unmediated -- sheet
|m A14853221733
|
| 998 |
f |
f |
|a G5834.N2S7 1945 .S37
|t 0
|l Cushing: Ragan Military (Does not check out)
|